WebRAD (Record no. 108011)
[ view plain ]
| 000 -LEADER | |
|---|---|
| fixed length control field | 01457nam a2200373Ia 4500 |
| 082 04 - DEWEY DECIMAL CLASSIFICATION NUMBER | |
| Classification number | 005.2/76 |
| 100 1# - MAIN ENTRY--AUTHOR NAME | |
| Personal name | Chattaway, Harold. |
| 245 10 - TITLE STATEMENT | |
| Title | WebRAD |
| 260 ## - PUBLICATION, DISTRIBUTION, ETC. (IMPRINT) | |
| Place of publication | Whitefish Bay, Wis. : |
| Name of publisher | Hentzenwerke Publishing, |
| Year of publication | c2002. |
| 300 ## - PHYSICAL DESCRIPTION | |
| Number of Pages | xxvi, 528 p. |
| 500 ## - GENERAL NOTE | |
| General note | Title from title screen. |
| General note | Includes index. |
| 650 #0 - SUBJECT ADDED ENTRY--TOPICAL TERM | |
| Topical Term | Web site development. |
| Topical Term | Database management. |
| Topical Term | Application software |
| 700 1# - ADDED ENTRY--PERSONAL NAME | |
| Personal name | Pearson, Randy. |
| Personal name | Hentzen, Whil. |
| Personal name | Peisch, Barbara. |
| 856 40 - ELECTRONIC LOCATION AND ACCESS | |
| Uniform Resource Identifier | http://site.ebrary.com/lib/rucke/Doc?id=10110773 |
No items available.
